000 00408nam a22001217a 4500
040 _cSY
082 _a303
100 _aNA
245 _aសេចក្ដីណែនាំក្នុងការរៀបចំនិក្ខេបបទ សារណាបទ​ និង របាយការណ៍បញ្ចប់ការសិក្សា
260 _aRUA
_bNA
_c2005
300 _a95p.
942 _cKB
999 _c9966
_d9966